Experimentelle Verfahren zur Prozessanalyse

Na minha lista:
Detalhes bibliográficos
Autor principal: Lorenz, G. (Author)
Formato: Livro
Idioma:alemão
Publicado em: Leipzig : Deutscher für Grundst., 1973
Tags: Adicionar Tag
Sem tags, seja o primeiro a adicionar uma tag!

MARC

LEADER 00000nam a22000003a 4500
001 stu94151
005 20150617225614.5
008 050531s1973------------------------ger-d
040 |a STU  |b slo 
041 0 |a ger 
080 |a 519.2 
100 1 |a Lorenz, G.  |4 aut 
245 1 |a Experimentelle Verfahren zur Prozessanalyse 
260 |a Leipzig :  |b Deutscher für Grundst.,  |c 1973 
300 |a 170 s 
996 |b E50391  |c E*50391  |l EE03  |s P  |a 0  |w stu94151_0001